000 00447nam a22001577a 4500
003 OSt
005 20251031100329.0
008 251031b |||||||| |||| 00| 0 eng d
022 _a0040-5639
100 _aCatherine Cornille
245 _aPHAN, PETER: The Joy of Religious Pluralism:
_bA Personal Journey
260 _aUSA,
_bSages Publications;
_c2018
300 _aP.198-199
440 _aTheological Studies
_nNo.1
_vVol.79
942 _2lcc
_cART
999 _c205006
_d204966